| 000 | 00461nam a2200169 a 4500 | ||
|---|---|---|---|
| 005 | 20140412111301.0 | ||
| 008 | 010424s19uu xx 00 eng d | ||
| 020 | _a0-440-40520-3 | ||
| 050 |
_aTR(PS E _bOn2 1987 |
||
| 100 | _aInkpen, Mick | ||
| 245 |
_aOne bear at bedtime / _cby Mick Inkpen. |
||
| 260 |
_aNew York : _bDell Publishing, _c1987. |
||
| 300 | _a1v. (unp.) ; ill. | ||
| 650 | _aBedtime - Stories | ||
| 650 | _aAnimals-Stories | ||
| 999 |
_c103398 _d103398 |
||